Loading...
| Science - Other | 0 | 4 | 0 | 0 | 40 | 85 | 104.50 | 1 | 2 | 4.91 | 21.82 |
| History - World | 0 | 4 | 0 | 0 | 40 | 90 | 103.25 | 0 | 0 | 7.76 | 14.55 |
| Religion | 0 | 4 | 1 | 3 | 35 | 129 | 134.00 | 0 | 2 | 0.00 | 11.36 |
| History - Other | 0 | 3 | 0 | 1 | 30 | 25 | 87.67 | 1 | 2 | 9.59 | 17.27 |
| Science - Chemistry | 0 | 3 | 0 | 1 | 30 | 99 | 113.33 | 0 | 3 | 1.26 | 10.91 |
| Mythology | 0 | 2 | 0 | 0 | 20 | 118 | 128.50 | 0 | 0 | 1.74 | 5.45 |
| Fine Arts - Painting and Sculpture | 0 | 2 | 0 | 0 | 20 | 105 | 112.50 | 1 | 1 | 2.81 | 12.73 |
| Geography | 0 | 2 | 0 | 0 | 20 | 48 | 59.00 | 1 | 2 | 37.42 | 50.00 |
| History - European | 0 | 2 | 0 | 1 | 20 | 88 | 119.50 | 1 | 2 | 2.56 | 10.00 |
| Other Academic | 0 | 1 | 0 | 1 | 10 | 136 | 136.00 | 0 | 1 | 0.00 | 6.67 |
| Philosophy | 0 | 1 | 0 | 1 | 10 | 134 | 134.00 | 0 | 0 | 0.07 | 1.82 |
| Fine Arts - Other | 0 | 1 | 0 | 0 | 10 | 125 | 125.00 | 0 | 1 | 0.55 | 1.82 |
| Science - Physics | 0 | 1 | 1 | 0 | 5 | 120 | 120.00 | 0 | 0 | 0.15 | 3.64 |
| Science - Biology | 0 | 1 | 2 | 0 | 0 | 102 | 102.00 | 0 | 1 | 1.61 | 2.27 |
| History - American | 0 | 0 | 0 | 0 | 0 | 0.00 | 0 | 0 | 0.00 | 0.00 | |
| Social Science | 0 | 0 | 1 | 0 | -5 | 0.00 | 0 | 0 | 0.00 | 0.00 | |
| Current Events | 0 | 0 | 2 | 0 | -10 | 0.00 | 0 | 0 | 0.00 | 0.00 |